<?xml version="1.0" encoding="UTF-8"?>
<record
    xmlns:xsi="http://www.w3.org/2001/XMLSchema-instance"
    xsi:schemaLocation="http://www.loc.gov/MARC21/slim http://www.loc.gov/standards/marcxml/schema/MARC21slim.xsd"
    xmlns="http://www.loc.gov/MARC21/slim">

  <leader>02985nam a2200265Ia 4500</leader>
  <controlfield tag="003">OSt</controlfield>
  <controlfield tag="005">20210921152351.0</controlfield>
  <controlfield tag="008">210310s2014    sp ad  gr     000 0 spa d</controlfield>
  <datafield tag="020" ind1=" " ind2=" ">
    <subfield code="a">9788436831870</subfield>
  </datafield>
  <datafield tag="040" ind1=" " ind2=" ">
    <subfield code="a">CO-JMCR</subfield>
    <subfield code="c">CO-JMCR</subfield>
  </datafield>
  <datafield tag="041" ind1="0" ind2=" ">
    <subfield code="a">spa</subfield>
  </datafield>
  <datafield tag="082" ind1="0" ind2="4">
    <subfield code="a">338.5 /</subfield>
    <subfield code="b">A282g</subfield>
    <subfield code="2">23</subfield>
  </datafield>
  <datafield tag="100" ind1="1" ind2=" ">
    <subfield code="a">Aguado Franco, Juan Carlos, </subfield>
    <subfield code="e">autor </subfield>
    <subfield code="9">28444</subfield>
  </datafield>
  <datafield tag="245" ind1="1" ind2="0">
    <subfield code="a">Gu&#xED;a para comprender la microeconom&#xED;a / </subfield>
    <subfield code="c">Juan Carlos Aguado Franco, Hamid Hamoudi</subfield>
  </datafield>
  <datafield tag="260" ind1=" " ind2=" ">
    <subfield code="a">Madrid, Espa&#xF1;a : </subfield>
    <subfield code="b">Pir&#xE1;mide, </subfield>
    <subfield code="c">2014</subfield>
  </datafield>
  <datafield tag="300" ind1=" " ind2=" ">
    <subfield code="a">211 p&#xE1;ginas : </subfield>
    <subfield code="b">ilustraciones y gr&#xE1;ficas en blanco y negro ; </subfield>
    <subfield code="c">23 cm.</subfield>
  </datafield>
  <datafield tag="490" ind1="0" ind2=" ">
    <subfield code="a">Econom&#xED;a y emnpresa</subfield>
  </datafield>
  <datafield tag="505" ind1=" " ind2=" ">
    <subfield code="a">La econom&#xED;a como ciencia. - La escasez. -- La oferta, la demanda y el equilibrio del mercado. -- El comportamiento del consumidor. -- Las elasticidades. -- Efecto renta y efecto sustituci&#xF3;n. -- An&#xE1;lisis te&#xF3;rico de la producci&#xF3;n. -- Coste de producci&#xF3;n. -- La competencia perfecta. -- El monopolio. -- Discriminaci&#xF3;n de precios en el monopolio. -- La teor&#xED;a de juegos. -- El oligopolio. -- La competencia monopol&#xED;stica. -- Los bienes p&#xFA;blicos. -- Externalidades. -- La distribuci&#xF3;n de la renta y de la riqueza. -- Econom&#xED;a del bienestar. -- Introducci&#xF3;n a la econom&#xED;a industrial. </subfield>
  </datafield>
  <datafield tag="520" ind1="0" ind2=" ">
    <subfield code="a">Es una obra sencilla cuyo objetivo es hacer llegar los conceptos m&#xE1;s marcados de la microeconom&#xED;a a cualquier lector de forma que pueda entender la materia, esto es, el comportamiento microecon&#xF3;mico de los consumidores, de las empresas, de los mercados y de los gobiernos. En definitiva, comprender mejor en clave microecon&#xF3;mica la realidad en la que vivimos.
Las explicaciones te&#xF3;ricas de los contenidos se ilustran con an&#xE1;lisis gr&#xE1;ficos que facilitan la comprensi&#xF3;n de lo explica do, y con ejemplos de la vida cotidiana. Se han evitado los desarrollos que pudieran dificultar la comprensi&#xF3;n para los lectores que carezcan de unos conocimientos matem&#xE1;ticos s&#xF3;lidos.
El contenido se va desarrollando a lo largo de diecinueve cap&#xED;tulos muy breves y que recogen de manera resumida los aspectos m&#xE1;s importantes de cada tema, abarcando el estudio fundamental de la microeconom&#xED;a: la oferta y la demanda, los mercados, los consumidores, la empresa, la competencia perfecta, el monopolio, el oligopolio, la competencia monopol&#xED;stica, los fallos del mercado, la distribuci&#xF3;n de la renta, etc.

Para hacerlo m&#xE1;s ameno se han incorporado al final de la mayor&#xED;a de los cap&#xED;tulos enlaces QR a materiales complementarios. Estos materiales en ocasiones son art&#xED;culos que permiten al lector interesado profundizar en algunos aspectos; otras veces son v&#xED;deos en los que se desarrollan de forma amena los contenidos; y en otras ocasiones son enlaces a ejercicios num&#xE9;ricos resueltos con todo detalle.</subfield>
  </datafield>
  <datafield tag="650" ind1="1" ind2="4">
    <subfield code="a">Microeconom&#xED;a</subfield>
    <subfield code="x">gu&#xED;a</subfield>
    <subfield code="9">28446</subfield>
  </datafield>
  <datafield tag="650" ind1="2" ind2="4">
    <subfield code="a">Microeconom&#xED;a</subfield>
    <subfield code="v">comportamiento </subfield>
    <subfield code="x">gu&#xED;a</subfield>
    <subfield code="9">40675</subfield>
  </datafield>
  <datafield tag="650" ind1="2" ind2="4">
    <subfield code="a">Microeconom&#xED;a </subfield>
    <subfield code="v">Mercados </subfield>
    <subfield code="x">gu&#xED;a </subfield>
    <subfield code="9">40676</subfield>
  </datafield>
  <datafield tag="700" ind1="1" ind2=" ">
    <subfield code="a">Hamoudi, Hamid, </subfield>
    <subfield code="e">autor </subfield>
    <subfield code="9">40677</subfield>
  </datafield>
  <datafield tag="942" ind1=" " ind2=" ">
    <subfield code="2">ddc</subfield>
    <subfield code="c">BK</subfield>
  </datafield>
  <datafield tag="999" ind1=" " ind2=" ">
    <subfield code="c">12514</subfield>
    <subfield code="d">12514</subfield>
  </datafield>
  <datafield tag="952" ind1=" " ind2=" ">
    <subfield code="0">0</subfield>
    <subfield code="1">0</subfield>
    <subfield code="2">ddc</subfield>
    <subfield code="4">0</subfield>
    <subfield code="7">0</subfield>
    <subfield code="a">CPL</subfield>
    <subfield code="b">CPL</subfield>
    <subfield code="c">GEN</subfield>
    <subfield code="d">2018-04-15</subfield>
    <subfield code="e">Donaci&#xF3;n</subfield>
    <subfield code="o">338.5 / A282g</subfield>
    <subfield code="p">430000744</subfield>
    <subfield code="r">2024-05-16 00:00:00</subfield>
    <subfield code="t">Ej.1</subfield>
    <subfield code="w">2021-03-10</subfield>
    <subfield code="y">BK</subfield>
  </datafield>
  <datafield tag="952" ind1=" " ind2=" ">
    <subfield code="0">0</subfield>
    <subfield code="1">0</subfield>
    <subfield code="2">ddc</subfield>
    <subfield code="4">0</subfield>
    <subfield code="7">0</subfield>
    <subfield code="a">CPL</subfield>
    <subfield code="b">CPL</subfield>
    <subfield code="c">GEN</subfield>
    <subfield code="d">2018-04-15</subfield>
    <subfield code="e">Donaci&#xF3;n</subfield>
    <subfield code="l">0</subfield>
    <subfield code="o">338.5 / A282g</subfield>
    <subfield code="p">430000743</subfield>
    <subfield code="r">2024-05-16 00:00:00</subfield>
    <subfield code="t">Ej.2</subfield>
    <subfield code="w">2021-03-10</subfield>
    <subfield code="y">BK</subfield>
  </datafield>
</record>
